[Event "Satka Autumn op (Women)"]
[Site "Satka"]
[Date "2021.09.04"]
[Round "5"]
[White "Protopopova, Anastasiya"]
[Black "Schepetkova, Margarita"]
[Result "1-0"]
[WhiteElo "2299"]
[BlackElo "2235"]
[PlyCount "57"]
[EventDate "2021.08.31"]
[EventType "swiss"]
[EventRounds "9"]
[EventCountry "RUS"]
[SourceTitle "CBM 204 Extra"]
[Source "ChessBase"]
[SourceDate "2021.11.30"]
[SourceVersion "1"]
[SourceVersionDate "2021.11.30"]
[SourceQuality "1"]

1. d4 Nf6 2. c4 e6 3. Nf3 b6 4. g3 Ba6 5. Qc2 Bb4+ 6. Bd2 Be7 7. e4 d5 8. cxd5 Bxf1 9. Kxf1 exd5 10. e5 Ne4 11. Nc3 Nxc3 12. bxc3 0-0 13. Kg2 c5 14. h4 Nc6 15. Ng5 g6 16. Nf3 cxd4 17. cxd4 Rc8 18. Qd3 f6 19. Bh6 Re8 20. h5 Nb4 21. Qb3 Rc4 22. hxg6 hxg6 23. Rac1 b5 24. exf6 Bd6 25. Bg7 Rf8 26. Rh8+ Kf7 27. Qe3 Rxh8 28. Ng5+ Kg8 29. Qe6# 1-0

[Event "Satka Autumn op (Women)"]
[Site "Satka"]
[Date "2020.10.29"]
[Round "9"]
[White "Smirnova, Ekaterina"]
[Black "Schepetkova, Margarita"]
[Result "1/2-1/2"]
[WhiteElo "2282"]
[BlackElo "2257"]
[PlyCount "110"]
[EventDate "2020.10.21"]
[EventType "swiss"]
[EventRounds "9"]
[EventCountry "RUS"]
[SourceTitle "CBM 199 Extra"]
[Source "ChessBase"]
[SourceDate "2021.01.31"]
[SourceVersion "1"]
[SourceVersionDate "2021.01.31"]
[SourceQuality "1"]

1. c4 Nf6 2. Nc3 e5 3. g3 Bb4 4. Bg2 0-0 5. Nf3 Nc6 6. 0-0 d6 7. d3 h6 8. a3 Bxc3 9. bxc3 e4 10. Nd4 exd3 11. exd3 Nxd4 12. cxd4 d5 13. Bf4 Be6 14. c5 Qd7 15. Re1 Rfc8 16. Rc1 Qc6 17. h3 Nd7 18. Be3 Nf8 19. Qb3 Ng6 20. Rb1 Rab8 21. a4 Ne7 22. Qb5 a6 23. Qxc6 Nxc6 24. Rb2 b5 25. cxb6 Rxb6 26. Rxb6 cxb6 27. Rb1 Rb8 28. g4 b5 29. axb5 axb5 30. f4 f6 31. f5 Bf7 32. Bf3 b4 33. Bd1 Ra8 34. Bb3 Ra3 35. Bc1 Ra6 36. Bb2 Kf8 37. Kf2 Ke7 38. Ke3 Kd6 39. Kd2 Ra8 40. Ra1 Rxa1 41. Bxa1 h5 42. Ba4 hxg4 43. hxg4 g6 44. Bxc6 Kxc6 45. Kc2 gxf5 46. gxf5 Bh5 47. Bb2 Bg4 48. Bc1 Bxf5 49. Kb3 Bh3 50. Kxb4 Kd6 51. Kc3 Ke6 52. Kd2 Kf5 53. Ke3 Bf1 54. Ba3 Kg4 55. Bd6 f5 1/2-1/2

[Event "RUS-ch Higher League (Women) 70th"]
[Site "Sochi"]
[Date "2020.10.12"]
[Round "5"]
[White "Nechaeva, Marina"]
[Black "Schepetkova, Margarita"]
[Result "1-0"]
[WhiteElo "2377"]
[BlackElo "2257"]
[PlyCount "99"]
[EventDate "2020.10.08"]
[EventType "swiss"]
[EventRounds "9"]
[EventCountry "RUS"]
[SourceTitle "CBM 198 Extra"]
[Source "ChessBase"]
[SourceDate "2020.11.30"]
[SourceVersion "1"]
[SourceVersionDate "2020.11.30"]
[SourceQuality "1"]

1. d4 Nf6 2. c4 e6 3. Nf3 b6 4. a3 Ba6 5. Qc2 Bb7 6. Nc3 c5 7. e4 cxd4 8. Nxd4 Bc5 9. Nf3 Ng4 10. Bg5 f6 11. Bh4 Nc6 12. Be2 0-0 13. h3 Nge5 14. Nxe5 Nxe5 15. 0-0 Ng6 16. Bg3 f5 17. exf5 exf5 18. b4 Bd4 19. Rad1 Bxc3 20. Qxc3 f4 21. Bg4 Rf7 22. Bh2 Qg5 23. Bf3 Bxf3 24. Qxf3 Re8 25. Rfe1 Rxe1+ 26. Rxe1 h6 27. Kh1 a5 28. Re8+ Kh7 29. Qd3 axb4 30. axb4 f3 31. gxf3 Qh5 32. f4 Rf5 33. Rd8 Rf7 34. Kg2 b5 35. cxb5 Rf5 36. Bg3 Rxb5 37. Rxd7 Rb6 38. Qd4 Nxf4+ 39. Bxf4 Rg6+ 40. Bg3 Qb5 41. Rd6 Rxd6 42. Qxd6 h5 43. Qc5 Qe2 44. Qf5+ Kg8 45. b5 Qe8 46. Qd5+ Kh8 47. b6 h4 48. Bxh4 Qg6+ 49. Bg5 Qxb6 50. Qd8+ 1-0

[Event "Moscow op (Women) 16th"]
[Site "Moscow"]
[Date "2020.02.02"]
[Round "9"]
[White "Schepetkova, Margarita"]
[Black "Maltsevskaya, Aleksandra"]
[Result "1-0"]
[WhiteElo "2200"]
[BlackElo "2318"]
[PlyCount "83"]
[EventDate "2020.01.25"]
[EventType "swiss"]
[EventRounds "9"]
[EventCountry "RUS"]
[SourceTitle "CBM 194 Extra"]
[Source "ChessBase"]
[SourceDate "2020.03.31"]
[SourceVersion "1"]
[SourceVersionDate "2020.03.31"]
[SourceQuality "1"]

1. d4 Nf6 2. g3 g6 3. Bg2 Bg7 4. Nf3 0-0 5. c4 d6 6. 0-0 Nbd7 7. Nc3 e5 8. e4 exd4 9. Nxd4 Nc5 10. h3 Re8 11. Re1 Bd7 12. Rb1 a5 13. b3 a4 14. b4 Ne6 15. Be3 h5 16. Nde2 Nh7 17. Qd2 Neg5 18. h4 Ne6 19. Nd5 g5 20. hxg5 Nexg5 21. Nxc7 Qxc7 22. Bxg5 Qxc4 23. Bf4 Be6 24. a3 Rac8 25. Rbc1 Qa2 26. Qxa2 Bxa2 27. Bxd6 Bb2 28. Rxc8 Rxc8 29. b5 Nf6 30. e5 Ng4 31. Bxb7 Rc2 32. Be4 Rd2 33. b6 Nxe5 34. b7 Nd7 35. Bf4 Bd5 36. Bxd2 Bxe4 37. Bf4 Bxa3 38. Rd1 Bxb7 39. Rxd7 Bc6 40. Rc7 Bd5 41. Nc3 Bb3 42. Nxa4 1-0

[Event "Moscow op (Women) 16th"]
[Site "Moscow"]
[Date "2020.02.01"]
[Round "8"]
[White "Kovanova, Baira"]
[Black "Schepetkova, Margarita"]
[Result "1-0"]
[WhiteElo "2335"]
[BlackElo "2200"]
[PlyCount "138"]
[EventDate "2020.01.25"]
[EventType "swiss"]
[EventRounds "9"]
[EventCountry "RUS"]
[SourceTitle "CBM 194 Extra"]
[Source "ChessBase"]
[SourceDate "2020.03.31"]
[SourceVersion "1"]
[SourceVersionDate "2020.03.31"]
[SourceQuality "1"]

1. d4 Nf6 2. Nf3 e6 3. c4 b6 4. g3 Ba6 5. Qc2 Bb4+ 6. Bd2 Be7 7. Bg2 0-0 8. Ne5 c6 9. Nc3 Qc7 10. Qa4 Bb7 11. 0-0 d6 12. Nd3 Nbd7 13. Rac1 a6 14. e4 c5 15. d5 b5 16. cxb5 Nb6 17. Qc2 exd5 18. exd5 axb5 19. Nxb5 Qd7 20. Nc3 Nbxd5 21. Nxd5 Bxd5 22. Bxd5 Nxd5 23. Rfe1 Rfc8 24. b3 Bf6 25. Nf4 Nxf4 26. Bxf4 d5 27. Rcd1 h6 28. a4 Qb7 29. Qf5 Qxb3 30. Rxd5 c4 31. Bxh6 c3 32. Bc1 Qxa4 33. Rd7 Re8 34. Rf1 Qc4 35. Bf4 c2 36. Rc7 Qb4 37. Rxc2 Re1 38. Rc1 Rxf1+ 39. Rxf1 Ra1 40. Rxa1 Bxa1 41. Be3 Bd4 42. Qe4 Qe1+ 43. Kg2 Bxe3 44. Qxe3 Qb1 45. Qe8+ Kh7 46. Qxf7 Qe4+ 47. Qf3 Qb1 48. Qd5 Qa1 49. h4 Qb2 50. Qe4+ Kg8 51. Qf5 Qb7+ 52. Kh2 Qb2 53. g4 Qb8+ 54. Kg2 Qb7+ 55. Qf3 Qb4 56. Kh3 Qb2 57. h5 Qc1 58. Kg2 Qc8 59. g5 Kh8 60. h6 gxh6 61. Qf6+ Kg8 62. Qg6+ Kh8 63. Qf6+ Kg8 64. gxh6 Qb7+ 65. Qf3 Qa6 66. Qg4+ Kf8 67. h7 Ke7 68. Qg7+ Ke6 69. Qg6+ Kd5 1-0

[Event "Moscow op (Women) 16th"]
[Site "Moscow"]
[Date "2020.01.30"]
[Round "6"]
[White "Tochilkina, Ekaterina"]
[Black "Schepetkova, Margarita"]
[Result "0-1"]
[WhiteElo "1857"]
[BlackElo "2200"]
[PlyCount "76"]
[EventDate "2020.01.25"]
[EventType "swiss"]
[EventRounds "9"]
[EventCountry "RUS"]
[SourceTitle "CBM 194 Extra"]
[Source "ChessBase"]
[SourceDate "2020.03.31"]
[SourceVersion "1"]
[SourceVersionDate "2020.03.31"]
[SourceQuality "1"]

1. e4 c5 2. Nf3 e6 3. d4 cxd4 4. Nxd4 a6 5. Bd3 Bc5 6. Nb3 Be7 7. c4 d6 8. Nc3 Nf6 9. Be3 b6 10. f4 Bb7 11. 0-0 Nc6 12. Rc1 0-0 13. Qe2 Nd7 14. Bb1 Rc8 15. Rf3 Re8 16. Rh3 g6 17. Qf2 Qc7 18. Nd5 exd5 19. cxd5 Nc5 20. dxc6 Qxc6 21. Nxc5 bxc5 22. f5 c4 23. f6 Bf8 24. Qh4 h5 25. g4 Rxe4 26. Bxe4 Qxe4 27. Rg3 d5 28. Qh3 d4 29. Bd2 Bd6 30. gxh5 Bxg3 31. Qxg3 Rc5 32. Re1 Qh1+ 33. Kf2 Rf5+ 34. Bf4 Rxf4+ 35. Ke2 Re4+ 36. Kd2 Qxe1+ 37. Qxe1 c3+ 38. bxc3 dxc3+ 0-1

[Event "Moscow op (Women) 16th"]
[Site "Moscow"]
[Date "2020.01.29"]
[Round "5"]
[White "Schepetkova, Margarita"]
[Black "Serikbay, Assel"]
[Result "1/2-1/2"]
[WhiteElo "2200"]
[BlackElo "2325"]
[PlyCount "145"]
[EventDate "2020.01.25"]
[EventType "swiss"]
[EventRounds "9"]
[EventCountry "RUS"]
[SourceTitle "CBM 194 Extra"]
[Source "ChessBase"]
[SourceDate "2020.03.31"]
[SourceVersion "1"]
[SourceVersionDate "2020.03.31"]
[SourceQuality "1"]

1. d4 d5 2. c4 c6 3. Nf3 Nf6 4. Nc3 dxc4 5. a4 Bf5 6. Ne5 Nbd7 7. Nxc4 Qc7 8. g3 Nd5 9. Nxd5 cxd5 10. Ne3 Be6 11. Bg2 Nf6 12. 0-0 g6 13. Nc2 Bg7 14. Bf4 Qd7 15. Nb4 Nh5 16. Be3 0-0 17. Nd3 b6 18. Qd2 Bf5 19. Rfc1 Rfc8 20. b3 Nf6 21. Ne5 Qb7 22. Qb2 Ne8 23. Bd2 f6 24. Nc4 Be6 25. Na3 Bf7 26. e3 e5 27. Rxc8 Rxc8 28. Rc1 Rxc1+ 29. Qxc1 exd4 30. exd4 f5 31. Be3 Qc7 32. Qxc7 Nxc7 33. Kf1 Kf8 34. Ke2 Ke7 35. Kd3 Kd7 36. Nc2 Bf8 37. Bf4 Ne6 38. Be5 Ng5 39. f3 Be6 40. Bf4 Nf7 41. Bd2 g5 42. Kc3 h5 43. Bf1 Bd6 44. Bb5+ Ke7 45. Nb4 a5 46. Nc6+ Kf6 47. Kd3 f4 48. gxf4 gxf4 49. b4 axb4 50. Nxb4 Ng5 51. Ke2 Bxb4 52. Bxb4 Bh3 53. Bd6 Bg2 54. Be5+ Ke6 55. Bxf4 Nxf3 56. Ke3 Nh4 57. Bc7 Nf5+ 58. Kf2 Be4 59. Bxb6 Nd6 60. Be2 Bg6 61. Kg3 Ne4+ 62. Kh4 Nc3 63. Bxh5 Bxh5 64. Kxh5 Nxa4 65. Bd8 Kf5 66. h4 Nc3 67. Bc7 Ne4 68. Be5 Nf2 69. Bc7 Ng4 70. Bd8 Nh2 71. Bg5 Nf3 72. Be3 Ke4 73. Bf2 1/2-1/2

[Event "Satka Autumn op (Women)"]
[Site "Satka"]
[Date "2019.09.27"]
[Round "9"]
[White "Mukhina, Jana"]
[Black "Schepetkova, Margarita"]
[Result "0-1"]
[WhiteElo "2083"]
[BlackElo "2194"]
[PlyCount "114"]
[EventDate "2019.09.19"]
[EventType "swiss"]
[EventRounds "9"]
[EventCountry "RUS"]
[SourceTitle "EXT 2020"]
[Source "ChessBase"]
[SourceDate "2019.10.17"]
[SourceVersion "1"]
[SourceVersionDate "2019.10.17"]
[SourceQuality "1"]

1. d4 Nf6 2. c4 e6 3. Nc3 Bb4 4. Qb3 Nc6 5. e3 0-0 6. Bd3 d5 7. cxd5 Qxd5 8. Qxd5 exd5 9. Nge2 Ne7 10. a3 Ba5 11. b4 Bb6 12. a4 c6 13. Ng3 h5 14. h4 Bc7 15. Nce2 Bd6 16. Bd2 g6 17. 0-0 b6 18. f3 c5 19. bxc5 bxc5 20. dxc5 Bxc5 21. Nd4 Bd7 22. Nge2 Rfc8 23. Rfc1 Rab8 24. Bb5 Bxb5 25. axb5 Nd7 26. Nc6 Nxc6 27. bxc6 Rxc6 28. Rxa7 Ne5 29. Nd4 Bxd4 30. exd4 Rxc1+ 31. Bxc1 Nc6 32. Ra1 Nxd4 33. Bg5 Ne6 34. Bf6 Nf8 35. Ra5 Nh7 36. Bd4 Rd8 37. Bb6 Rd7 38. Ra8+ Kg7 39. Bd4+ f6 40. Ra6 Kf7 41. Kf2 f5 42. g3 Nf8 43. Rf6+ Ke7 44. Rb6 Ne6 45. Ke3 Kf7 46. f4 Ra7 47. Rb3 Ra4 48. Be5 d4+ 49. Kf3 Nc5 50. Rb5 Ne4 51. Rb7+ Ke6 52. Rg7 Ra3+ 53. Ke2 d3+ 54. Kd1 Rb3 55. Rxg6+ Kd5 56. Kc1 d2+ 57. Kc2 Rd3 0-1

[Event "Satka Autumn op (Women)"]
[Site "Satka"]
[Date "2019.09.24"]
[Round "6"]
[White "Schepetkova, Margarita"]
[Black "Nechaeva, Marina"]
[Result "1-0"]
[WhiteElo "2194"]
[BlackElo "2374"]
[PlyCount "85"]
[EventDate "2019.09.19"]
[EventType "swiss"]
[EventRounds "9"]
[EventCountry "RUS"]
[SourceTitle "EXT 2020"]
[Source "ChessBase"]
[SourceDate "2019.10.17"]
[SourceVersion "1"]
[SourceVersionDate "2019.10.17"]
[SourceQuality "1"]

1. d4 Nf6 2. c4 e6 3. g3 c5 4. d5 exd5 5. cxd5 d6 6. Bg2 g6 7. Nf3 Bg7 8. 0-0 0-0 9. Nc3 Re8 10. Bf4 Bf5 11. Nh4 Bg4 12. Qd2 b5 13. Rfe1 a6 14. a3 Nh5 15. Bh6 Bh8 16. h3 Bc8 17. Nf3 Nd7 18. Rad1 Nb6 19. b3 Nf6 20. Ng5 Bg7 21. Bxg7 Kxg7 22. e4 h6 23. Nf3 Nbd7 24. b4 Bb7 25. bxc5 Nxc5 26. Nd4 Qb6 27. Kh2 Rac8 28. f4 Ncd7 29. Re3 Qa5 30. Nc6 Bxc6 31. dxc6 Nb8 32. e5 dxe5 33. fxe5 Ng8 34. Rf1 Nxc6 35. Bxc6 Red8 36. Bd5 Qxa3 37. Rxf7+ Kh8 38. e6 Qb4 39. e7 Re8 40. Rf4 Qc5 41. Bxg8 Rxe7 42. Rxe7 Qxe7 43. Bd5 1-0

[Event "Satka Autumn op (Women)"]
[Site "Satka"]
[Date "2019.09.22"]
[Round "4"]
[White "Schepetkova, Margarita"]
[Black "Eidelson, Rakhil"]
[Result "1-0"]
[WhiteElo "2194"]
[BlackElo "2064"]
[PlyCount "155"]
[EventDate "2019.09.19"]
[EventType "swiss"]
[EventRounds "9"]
[EventCountry "RUS"]
[SourceTitle "EXT 2020"]
[Source "ChessBase"]
[SourceDate "2019.10.17"]
[SourceVersion "1"]
[SourceVersionDate "2019.10.17"]
[SourceQuality "1"]

1. d4 Nf6 2. c4 g6 3. Nf3 Bg7 4. g3 0-0 5. Bg2 d6 6. 0-0 Nbd7 7. Nc3 e5 8. e4 exd4 9. Nxd4 Nc5 10. h3 Re8 11. Re1 Bd7 12. Rb1 Qc8 13. g4 h5 14. f3 Ne6 15. Nde2 Qd8 16. Be3 hxg4 17. hxg4 Nh7 18. Qd2 Qh4 19. Bf2 Bh6 20. Bxh4 Bxd2 21. Red1 Bh6 22. e5 Bc6 23. exd6 cxd6 24. Rxd6 Nhg5 25. Nd5 Bxd5 26. Rxd5 Rac8 27. b3 Nh7 28. Kf1 a6 29. Rbd1 b5 30. cxb5 axb5 31. f4 Rc2 32. R1d2 Rxd2 33. Rxd2 g5 34. fxg5 Nhxg5 35. Rd5 b4 36. Be1 Bf8 37. Rb5 Rd8 38. Bxb4 Bxb4 39. Rxb4 Rd1+ 40. Kf2 Nc5 41. Rd4 Ra1 42. b4 Nce6 43. Rd2 Rb1 44. a3 Rb3 45. Ra2 Kg7 46. Bd5 Rb1 47. Bxe6 Nxe6 48. Ke3 Kf6 49. Nc3 Rg1 50. Rf2+ Ke7 51. a4 Rxg4 52. Ne4 Rg1 53. Kd3 Rd1+ 54. Kc3 Rc1+ 55. Kd3 Rd1+ 56. Nd2 Rc1 57. Nb3 Rc8 58. a5 Rb8 59. Kc4 Nc7 60. Nd4 Rc8 61. Nc6+ Kd6 62. b5 Rh8 63. Rd2+ Ke6 64. b6 Rh4+ 65. Nd4+ Kd7 66. bxc7 Kxc7 67. Rf2 Rh7 68. Rf6 Kd7 69. Nb3 Kc7 70. Rf5 Kb7 71. Rf6 Ka7 72. Kb5 Kb7 73. Nc5+ Ka7 74. Rd6 Kb8 75. Kb6 Kc8 76. Rc6+ Kd8 77. a6 Rh1 78. Nb7+ 1-0

[Event "Eurasia Cup op"]
[Site "Ekaterinburg"]
[Date "2019.08.08"]
[Round "8"]
[White "Radzhabov, Rodion"]
[Black "Schepetkova, Margarita"]
[Result "1/2-1/2"]
[WhiteElo "2404"]
[BlackElo "2184"]
[PlyCount "81"]
[EventDate "2019.07.31"]
[EventType "swiss"]
[EventRounds "9"]
[EventCountry "RUS"]
[SourceTitle "CBM 191 Extra"]
[Source "ChessBase"]
[SourceDate "2019.09.30"]
[SourceVersion "1"]
[SourceVersionDate "2019.09.30"]
[SourceQuality "1"]

1. Nf3 d5 2. g3 Nf6 3. Bg2 c6 4. 0-0 Bg4 5. d3 Nbd7 6. Nbd2 e5 7. h3 Bh5 8. e4 dxe4 9. dxe4 Bc5 10. Qe1 0-0 11. Nb3 Bd6 12. Nh4 Re8 13. Nf5 Bf8 14. a4 Qc7 15. Bd2 Rad8 16. f3 Bg6 17. Ne3 Be7 18. a5 Nf8 19. Nc4 Ne6 20. Be3 Nd4 21. Nxd4 exd4 22. Bf4 Qc8 23. g4 Qe6 24. Ne5 Bd6 25. Nd3 Nd7 26. Bxd6 Qxd6 27. Qd2 f6 28. b3 c5 29. Rae1 b5 30. axb6 axb6 31. g5 b5 32. gxf6 Qxf6 33. f4 Bf7 34. e5 Qb6 35. f5 c4 36. bxc4 bxc4 37. e6 cxd3 38. cxd3 Nf6 39. exf7+ Kxf7 40. Qa2+ Kf8 41. Re6 1/2-1/2

[Event "Eurasia Cup op"]
[Site "Ekaterinburg"]
[Date "2019.08.06"]
[Round "6"]
[White "Miroshnik, Ekaterina"]
[Black "Schepetkova, Margarita"]
[Result "0-1"]
[WhiteElo "2103"]
[BlackElo "2184"]
[PlyCount "82"]
[EventDate "2019.07.31"]
[EventType "swiss"]
[EventRounds "9"]
[EventCountry "RUS"]
[SourceTitle "CBM 191 Extra"]
[Source "ChessBase"]
[SourceDate "2019.09.30"]
[SourceVersion "1"]
[SourceVersionDate "2019.09.30"]
[SourceQuality "1"]

1. d4 Nf6 2. c4 e6 3. Nf3 b6 4. e3 Bb7 5. Bd3 d5 6. cxd5 exd5 7. 0-0 Bd6 8. Nc3 a6 9. b3 0-0 10. Bb2 Nbd7 11. Ne2 Ne4 12. Nf4 Qe7 13. Be2 Rae8 14. Nd3 f6 15. Rc1 g6 16. Re1 Qg7 17. Bf1 Qh6 18. g3 Rf7 19. Rc2 Nf8 20. Qc1 Ne6 21. Ba3 c5 22. Bg2 Rc7 23. dxc5 bxc5 24. Rd1 Rec8 25. Nb2 Bf8 26. Ne1 Qh5 27. Na4 c4 28. Bf3 Qf5 29. Bxf8 cxb3 30. Rxc7 Rxc7 31. Qb2 Rc2 32. Qxb3 Rxf2 33. Qxb7 Rxf3 34. Nxf3 Qxf3 35. Qxd5 Qxe3+ 36. Kg2 Qe2+ 37. Kg1 Kxf8 38. Rb1 N6g5 39. Qd8+ Kg7 40. Rb7+ Kh6 41. Qf8+ Kh5 0-1

[Event "Eurasia Cup op"]
[Site "Ekaterinburg"]
[Date "2019.08.03"]
[Round "4"]
[White "Schepetkova, Margarita"]
[Black "Kabanov, Nikolai"]
[Result "0-1"]
[WhiteElo "2184"]
[BlackElo "2450"]
[PlyCount "111"]
[EventDate "2019.07.31"]
[EventType "swiss"]
[EventRounds "9"]
[EventCountry "RUS"]
[SourceTitle "CBM 191 Extra"]
[Source "ChessBase"]
[SourceDate "2019.09.30"]
[SourceVersion "1"]
[SourceVersionDate "2019.09.30"]
[SourceQuality "1"]

1. d4 Nf6 2. c4 d6 3. Nc3 e5 4. dxe5 dxe5 5. Qxd8+ Kxd8 6. Nf3 Nbd7 7. Rg1 h6 8. g4 e4 9. g5 exf3 10. gxf6 Nxf6 11. exf3 Be6 12. Bf4 c6 13. 0-0-0+ Ke8 14. Re1 Bc5 15. Be3 Bxe3+ 16. Rxe3 Kf8 17. Ne4 Rd8 18. Kc2 Nxe4 19. fxe4 g5 20. Bd3 Ke7 21. Kc3 c5 22. a3 a5 23. Rb1 Rd7 24. Rh1 g4 25. Rg1 Rdd8 26. h3 h5 27. hxg4 hxg4 28. Be2 Rh4 29. Bd3 Rh2 30. f4 gxf3 31. Rxf3 b6 32. Rb1 Rg8 33. b4 axb4+ 34. axb4 Ra8 35. bxc5 bxc5 36. Bc2 Ra2 37. Bb3 Rae2 38. Ra1 Rxe4 39. Ra7+ Kf8 40. Rc7 Rh5 41. Kb2 Rd4 42. Rc6 Ke7 43. Rc7+ Rd7 44. Rc6 Re5 45. Kc3 Ra7 46. Rd3 f5 47. Rh3 f4 48. Rh7+ Bf7 49. Bc2 Re3+ 50. Kb2 Re2 51. Kc3 f3 52. Rh3 Ra3+ 53. Kb2 f2 54. Rh1 Rf3 55. Rf1 Bxc4 56. Rh1 0-1

[Event "Eurasia Cup op"]
[Site "Ekaterinburg"]
[Date "2019.08.01"]
[Round "2"]
[White "Afanasiev, Nikita"]
[Black "Schepetkova, Margarita"]
[Result "1-0"]
[WhiteElo "2514"]
[BlackElo "2184"]
[PlyCount "77"]
[EventDate "2019.07.31"]
[EventType "swiss"]
[EventRounds "9"]
[EventCountry "RUS"]
[SourceTitle "CBM 191 Extra"]
[Source "ChessBase"]
[SourceDate "2019.09.30"]
[SourceVersion "1"]
[SourceVersionDate "2019.09.30"]
[SourceQuality "1"]

1. e4 c6 2. d4 d5 3. e5 Bf5 4. Nf3 e6 5. Be2 Ne7 6. 0-0 c5 7. Be3 Bg4 8. Nbd2 Nbc6 9. c3 Nf5 10. Nb3 Bxf3 11. Bxf3 c4 12. Nd2 f6 13. exf6 Qxf6 14. Re1 0-0-0 15. Bg4 h5 16. Bxf5 Qxf5 17. Nf3 Bd6 18. b3 e5 19. bxc4 dxc4 20. Qa4 h4 21. h3 e4 22. Nd2 g5 23. Qd1 g4 24. Qxg4 Qxg4 25. hxg4 Rhg8 26. g5 Ne7 27. Nxe4 Nd5 28. Rab1 a6 29. Nxd6+ Rxd6 30. Bd2 b5 31. a4 bxa4 32. Ra1 Nb6 33. Re5 Kd7 34. Ra5 Ke6 35. Bf4 Rc6 36. d5+ Nxd5 37. Re1+ Kf5 38. Rxd5+ Kxf4 39. f3 1-0

[Event "RUS-ch Higher League (Women) 69th"]
[Site "Yaroslavl"]
[Date "2019.07.05"]
[Round "8"]
[White "Schepetkova, Margarita"]
[Black "Loskutova, Viktoriya"]
[Result "0-1"]
[WhiteElo "2241"]
[BlackElo "2019"]
[PlyCount "68"]
[EventDate "2019.06.27"]
[EventType "swiss"]
[EventRounds "9"]
[EventCountry "RUS"]
[SourceTitle "CBM 191 Extra"]
[Source "ChessBase"]
[SourceDate "2019.09.30"]
[SourceVersion "1"]
[SourceVersionDate "2019.09.30"]
[SourceQuality "1"]

1. d4 Nf6 2. c4 e6 3. g3 c5 4. d5 exd5 5. cxd5 d6 6. Bg2 g6 7. Nc3 Bg7 8. Nf3 0-0 9. 0-0 Re8 10. Bf4 Bf5 11. Nh4 Bg4 12. Qd2 b5 13. Rfe1 Qb6 14. e4 Bd7 15. e5 dxe5 16. Bxe5 Na6 17. d6 Bc6 18. Bxf6 Bxf6 19. d7 Rxe1+ 20. Rxe1 Rd8 21. Bxc6 Qxc6 22. Nd5 Nc7 23. Nxc7 Rxd7 24. Re8+ Kg7 25. Qe2 Rxc7 26. Nf3 Rd7 27. h4 c4 28. h5 Qd5 29. h6+ Kxh6 30. Qe3+ Kg7 31. Qa3 Qd6 32. Qa5 Qc6 33. Qb4 Rd1+ 34. Re1 Qxf3 0-1

[Event "RUS-ch Higher League (Women) 69th"]
[Site "Yaroslavl"]
[Date "2019.07.04"]
[Round "7"]
[White "Markelova, Lubov"]
[Black "Schepetkova, Margarita"]
[Result "1-0"]
[WhiteElo "2186"]
[BlackElo "2241"]
[PlyCount "99"]
[EventDate "2019.06.27"]
[EventType "swiss"]
[EventRounds "9"]
[EventCountry "RUS"]
[SourceTitle "CBM 191 Extra"]
[Source "ChessBase"]
[SourceDate "2019.09.30"]
[SourceVersion "1"]
[SourceVersionDate "2019.09.30"]
[SourceQuality "1"]

1. Nf3 d5 2. d4 Nf6 3. c4 c6 4. e3 Bg4 5. h3 Bh5 6. g4 Bg6 7. Ne5 e6 8. Nxg6 hxg6 9. Bg2 Nbd7 10. Qd3 Bb4+ 11. Nd2 Qa5 12. a3 Qa6 13. b3 Nb6 14. axb4 Qxa1 15. 0-0 a5 16. c5 Nbd7 17. b5 a4 18. b4 a3 19. Qc2 a2 20. bxc6 bxc6 21. Bb2 Qxf1+ 22. Bxf1 a1Q 23. Bxa1 Rxa1 24. g5 Nh7 25. f4 0-0 26. Nb3 Ra7 27. Na5 Nb8 28. Bd3 Rc8 29. Qe2 Nf8 30. h4 Re7 31. Bc2 Rcc7 32. Ba4 f6 33. Qa2 Kh7 34. gxf6 gxf6 35. Nxc6 Nxc6 36. Bxc6 Rxc6 37. Qa8 Rcc7 38. Qxf8 Ra7 39. Kf2 Rf7 40. Qd6 Ra2+ 41. Kf3 Rfa7 42. Qxe6 f5 43. h5 gxh5 44. Qxf5+ Kh8 45. Qxh5+ Kg7 46. Qxd5 Rh2 47. Qe5+ Kh7 48. c6 Rh3+ 49. Ke4 Rh6 50. c7 1-0

[Event "RUS-ch Higher League (Women) 69th"]
[Site "Yaroslavl"]
[Date "2019.06.28"]
[Round "2"]
[White "Schepetkova, Margarita"]
[Black "Khlichkova, Tatiana"]
[Result "1/2-1/2"]
[WhiteElo "2241"]
[BlackElo "2273"]
[PlyCount "80"]
[EventDate "2019.06.27"]
[EventType "swiss"]
[EventRounds "9"]
[EventCountry "RUS"]
[SourceTitle "CBM 191 Extra"]
[Source "ChessBase"]
[SourceDate "2019.09.30"]
[SourceVersion "1"]
[SourceVersionDate "2019.09.30"]
[SourceQuality "1"]

1. d4 e6 2. g3 f5 3. Bg2 Nf6 4. Nf3 b6 5. 0-0 Bb7 6. c4 Be7 7. d5 0-0 8. dxe6 dxe6 9. Qxd8 Bxd8 10. Rd1 Na6 11. Nc3 Re8 12. Bf4 h6 13. h4 Ng4 14. Rac1 Bf6 15. Ne5 Bxg2 16. Nxg4 fxg4 17. Kxg2 Rad8 18. Rxd8 Rxd8 19. Rd1 Rxd1 20. Nxd1 h5 21. f3 gxf3+ 22. Kxf3 Kf7 23. b3 e5 24. Bd2 Nc5 25. Nc3 Ne6 26. Be3 c6 27. a4 Nd4+ 28. Bxd4 exd4 29. Ne4 Be7 30. Nf2 Ke6 31. Nd3 Kf5 32. Nf2 Bd6 33. Nd3 Be7 34. Nf2 Bf6 35. Nd3 Be7 36. Nf2 Bd6 37. Nd3 Be7 38. Nf2 Bd6 39. Nd3 Be7 40. Nf2 Bd6 1/2-1/2

[Event "RUS-chT (Women)"]
[Site "Sochi"]
[Date "2019.05.08"]
[Round "7.1"]
[White "Ushenina, Anna"]
[Black "Schepetkova, Margarita"]
[Result "1/2-1/2"]
[WhiteElo "2442"]
[BlackElo "2224"]
[PlyCount "84"]
[EventDate "2019.05.01"]
[EventType "team-swiss"]
[EventRounds "9"]
[EventCountry "RUS"]
[SourceTitle "CBM 190 Extra"]
[Source "ChessBase"]
[SourceDate "2019.07.15"]
[SourceVersion "1"]
[SourceVersionDate "2019.07.15"]
[SourceQuality "1"]
[WhiteTeam "Yugra (W)"]
[BlackTeam "Samara Region Bukavushki (W)"]
[WhiteTeamCountry "RUS"]
[BlackTeamCountry "RUS"]

1. d4 d5 2. Nf3 Nf6 3. c4 c6 4. e3 Bg4 5. cxd5 Bxf3 6. Qxf3 cxd5 7. Nc3 Nc6 8. Bd3 e6 9. 0-0 Be7 10. Bd2 0-0 11. Rfc1 e5 12. dxe5 Nxe5 13. Qf5 Nxd3 14. Qxd3 Qd7 15. Qb5 Qf5 16. Be1 Bd6 17. Rd1 Rad8 18. g3 a6 19. Qd3 Qh3 20. Qf1 Qxf1+ 21. Kxf1 Be5 22. Ne2 Bxb2 23. Rab1 Be5 24. Rxb7 Rb8 25. Rdb1 Rxb7 26. Rxb7 Rb8 27. Ra7 h5 28. Rxa6 Rb1 29. f3 g5 30. Kf2 g4 31. Bc3 gxf3 32. Kxf3 Ng4 33. Bxe5 Rf1+ 34. Kg2 Rf2+ 35. Kg1 Rxe2 36. Bd4 Nxh2 37. Ra5 Rd2 38. Rxd5 Nf3+ 39. Kf1 Nh2+ 40. Ke1 Nf3+ 41. Kf1 Nh2+ 42. Ke1 Nf3+ 1/2-1/2